Places Named After People - Statistics

General Stats
  • This quiz has been taken 36 times
  • The average score is 8 of 12
Answer Stats
Place Person % Correct
Bolivia Simon Bolivar
97%
Alexandria Alexander The Great
94%
Colombia Christopher Columbus
91%
Queensland Queen Victoria
89%
Rome Romulus
89%
The Americas Amerigo Vespucci
80%
San Francisco St. Francis
80%
Virginia Queen Elizabeth I
77%
Diomedes Islands St. Diomedes
57%
Chinggis Khot Genghis Khan
49%
Kiribati Thomas Gilbert
37%
Bratislava Braslav
6%
No matching quizzes found
Score Distribution
Percent of People with Each Score
Percentile by Number Answered
Your Score History
You have not taken this quiz